000
00326 a2200145 4500
001
50078
040
_c
Anchieta - Bela Vista
100
_a
Pestana, Maurício
240
1
0
_a
Revolta dos búzios
_l
por
245
1
0
_a
Revolta dos búzios
300
_a
26
440
1
_a
Escola Olodum
650
4
_a
Literatura juvenil
942
_c
BK
999
_c
50078
_d
50078